Stratégia Európskej únie v oblasti letectva

Strategický význam leteckej dopravy v Európskej únii. Inovácie v leteckej doprave. Bezpečnosť leteckej dopravy.

Salvato in:
Dettagli Bibliografici
Autore principale: Klenka, Michal
Natura: Capitolo di libro
Lingua:slovacco
Soggetti:
Tags: Aggiungi Tag
Nessun Tag, puoi essere il primo ad aggiungerne!!

MARC

LEADER 00000naa a2200000 4500
001 0251381
005 20240502074031.2
041 0 |a slo 
044 |a SK 
245 1 0 |a Stratégia Európskej únie v oblasti letectva  |c Michal Klenka 
520 |a Strategický význam leteckej dopravy v Európskej únii. Inovácie v leteckej doprave. Bezpečnosť leteckej dopravy. 
610 2 0 |a doprava letecká 
610 2 0 |a doprava letecká medzinárodná 
610 2 0 |a Európska únia 
610 2 0 |a stratégia inovačná 
610 2 0 |a bezpečnosť dopravy 
610 2 0 |a bezpečnosť medzinárodná 
100 1 |a Klenka, Michal